00213nam a2200085Ia 450000100070000000500170000700800410002424500390006526000230010498877420250826221144.0250824s9999 xx 000 0 und d 0aMASKESİZ BEŞLER 1cTİNA ZANG bPARODİ YAYINLARI